Municipios de Huesca en un mapa - Estadísticas

Estadísticas generales
  • Esta prueba ha sido intentada 48 veces
  • La puntuación promedio es 77 de 204
Respuestas en el mapa
Las respuestas están codificadas por una escala verde-roja en el mapa de la prueba según el % correcto abajo.
 
Estadísticas de respuestas
Respuesta % Correcto
Ainsa
100%
Barbastro
94%
Huesca
94%
Jaca
94%
Monzón
94%
Sabiñánigo
89%
Bielsa
83%
Biescas
83%
Boltaña
83%
Benasque
78%
Fiscal
78%
Fraga
78%
Binéfar
72%
Graus
72%
Sallent de Gállego
72%
Sariñena
72%
Alquezar
67%
Ansó
67%
Ayerbe
67%
Benabarre
67%
Broto
67%
Canfranc
67%
El Grado
67%
Fanlo
67%
Loarre
67%
Panticosa
67%
Almudévar
61%
Isábena
61%
Plan
61%
Villanúa
61%
Adahuesca
56%
Aisa
56%
Campo
56%
Gistaín
56%
Siétamo
56%
Sopeira
56%
Valle de Hecho
56%
Abiego
50%
Bierge
50%
Castejón de Sos
50%
Chía
50%
Fonz
50%
Labuerda
50%
Laspuña
50%
Nueno
50%
Puente de Montañana
50%
Sahún
50%
San Juan de Plan
50%
Santa Cilia
50%
Tamarite de Litera
50%
Tella
50%
Tierz
50%
Torla-Ordesa
50%
Alcampell
44%
Alcubierre
44%
Arguis
44%
Bárcabo
44%
Berbegal
44%
Blecua (Blecua y Torres)
44%
Jasa
44%
Lalueza
44%
Monflorite-Las casas
44%
Montanuy
44%
Peraltilla
44%
Puertolas
44%
Santa Cruz de la Serós
44%
Seira
44%
Zaidín/Saidi
44%
Albalate de Cinca
39%
Alcolea de CInca
39%
Bonansa
39%
Caldearenas
39%
Colungo
39%
Egea (Valle de Lierp)
39%
Esplús
39%
Estadilla
39%
Gurréa de Gállego
39%
Hoz de Jaca
39%
La Sotonera
39%
Naval
39%
Perrarrúa
39%
Pozan de Vero
39%
San Esteban de Litera
39%
Sangarrén
39%
Santa María del Pilar (Esplus)
39%
Torrente de Cinca/Torrent de Cinca
39%
Vilanova
39%
Yebra de Basa
39%
Agüero
33%
Almunia de San Juan
33%
Baélls
33%
Binaced
33%
Candasnos
33%
Castejón del Puente
33%
Castillonroy
33%
Estada
33%
Estopiñán del Castillo
33%
Foradada del Toscar
33%
Grañén
33%
Laluenga
33%
Lanaja
33%
Lascuarre
33%
Laspaules
33%
Litera (Viacamp y Litera)
33%
Loporzano
33%
Novales
33%
Ontiñena
33%
Puente La Reina de Jaca
33%
Quicena
33%
Sesué
33%
Abizanda
28%
Albelda
28%
Alcalá del Obispo
28%
Alerre
28%
Angüés
28%
Antillón
28%
Aragüés del Puerto
28%
Arén
28%
Azanuy
28%
Baldellou
28%
Ballobar
28%
Belver de Cinca
28%
Beranuy
28%
Bisauri
28%
Biscarrués
28%
Camporrélls
28%
Canal de Berdún
28%
Capdesaso
28%
Capella
28%
Casbas de Huesca
28%
Castiello de Jaca
28%
Castigaleu
28%
Chimillas
28%
El Pueyo de Araguás
28%
Hoz de Barbastro (Hoz y Costean)
28%
Huerto
28%
Lascellas-Ponzano
28%
Las Peñas de Riglos
28%
Loscorrales
28%
Peñalba
28%
Peralta de Alcolea
28%
Salas Bajas
28%
Salillas
28%
Senés de Alcubierre
28%
Tardienta
28%
Tierrantona (La Fueva)
28%
Tolva
28%
Tramaced
28%
Yesero
28%
Albero Bajo
22%
Alcalá de Gurrea
22%
Almuniente
22%
Argavieso
22%
Azara
22%
Banastás
22%
Barbués
22%
Borau
22%
Castejón de Monegros
22%
Castellflorite
22%
Castillazuelo
22%
Chalamera
22%
Laperdiguera
22%
La Puebla de Castro
22%
Olvena
22%
Osso de Cinca
22%
Poleñino
22%
Pomar de Cinca (San Miguel de Cinca)
22%
Robres
22%
Santa Liestra
22%
Sena
22%
Tella-Sin
22%
Torralba de Aragón
22%
Torres de Alcanadre
22%
Valfarta
22%
Velilla de Cinca
22%
Vencillón/Vensillo
22%
Bailo
17%
Cajigar (Monesma y Cajigar)
17%
Ibieca
17%
Igriés
17%
Ilche
17%
Lupiñén-Ortilla
17%
Palo
17%
Peralta de la Sal
17%
Pertusa
17%
Secastilla
17%
Sesa
17%
Torres de Barbués
17%
Vicién
17%
Alberuela de Tubo
11%
Alfántega
11%
Altorrincón
11%
Barbuñales
11%
Huerta de Vero
11%
Piracés
11%
Pueyo de Santa Cruz
11%
Rocafort (San Sebastián de Litera)
11%
Torre de la Ribera
11%
Villanueva de Sijena
11%
Albaltillo
6%
Alberto Alto
6%
Azor
6%
Comunero de Ansó y Fago
6%
Llert (Valle de Bargadi)
6%
No se encontraron pruebas coincidentes
Distribución de puntuación
Porcentaje de gente con cada puntuación
Porcentaje por número respondido
Historial de tus puntuaciones
No has intentado esta prueba.